000 00344nam a22001457a 4500
005 20251119111922.0
082 _a006.3 JYO
100 _aJyothi T J
_91107
245 _aIntroduction To Artificial Intelligence Data Science
250 _a1
260 _aOwl Books
_bTrivandrum
_c2025
546 _aEnglish
650 _aAIML
_91108
942 _cBK
999 _c38013
_d38013